000 00778cam a22002533a 4500
001 15493
003 PGUSA
005 20140828083330.0
008 050329s2005||||xxu|||||s|||||000 1 eng d
040 _aPGUSA
_beng
042 _adc
050 4 _aPR
100 1 _aAinsworth, William Harrison,
_d1805-1882
245 1 4 _aThe Lancashire Witches :
_bA Romance of Pendle Forest
_h[electronic resource] /
_cWilliam Harrison Ainsworth
260 _bProject Gutenberg,
_c2005
506 _aPublic domain in the USA.
516 _aElectronic text
653 _aLancashire (England) -- Fiction
653 _aWitches -- Fiction
700 1 _aGilbert, John,
_cSir,
_d1817-1897
830 0 _aProject Gutenberg
_v15493
856 4 0 _uhttp://www.gutenberg.org/ebooks/15493
942 _cEB
999 _c244748
_d244748